000 00437pab a2200157 454500
008 180718b2005 xxu||||| |||| 00| 0 eng d
100 _aTamhankar, Aparna
245 _aPersonality predisposition and prognosis of alcholics after therapeutic intervention
260 _c2005
300 _ap.277-80.
650 _aAlcoholism
700 _aPereira, Joe
700 _aBarnes, Blanche
773 _aPsychological studies
909 _a67821
999 _c67821
_d67821